000 00531nam a2200193Ia 4500
005 20260120125924.0
008 008 260114s9999 xx 000 0 eng d
020 _a9780191760938
037 _aEBOOK
040 _aCRL
_beng
_cCRL
041 _aeng
_2eng
084 _qCRL
100 _aFloridi, L.
_9908953
245 4 _aThe Ethics of Information
260 _bOUPOxford University Press
_c2013
856 _uhttp://dx.doi.org/10.1093/acprof:oso/9780199641321.001.0001
942 _cEBOOK
999 _c1500849
_d1500849